Masacres de la selva
Contenido: Primeros secuestros (10 de junio a 7 de julio 1975).-Persecución a la Iglesia.- Secuestros y tortugas (1979-1981).- Masacres selectivas yterror.-Masacres al oriente.-Primera parte de la masacre de cuarto pueblo (14-16 de marzo de 198-Vivos y muertos.-Interrupción de las masacres los angel...
Uloženo v:
| Hlavní autor: | |
|---|---|
| Médium: | Text |
| Vydáno: |
Managua:
Latino editores-GAKOA
|
| Témata: | |
| Tagy: |
Přidat tag
Žádné tagy, Buďte první, kdo vytvoří štítek k tomuto záznamu!
|
MARC
| LEADER | 00000 a a2200000 04500 | ||
|---|---|---|---|
| 001 | 26540 | ||
| 003 | |||
| 040 | |||
| 090 | |a 148800 | ||
| 100 | |a Falla, Ricardo | ||
| 245 | |a Masacres de la selva | ||
| 260 | |a Managua: |b Latino editores-GAKOA | ||
| 300 | |a 240 p | ||
| 520 | |a Contenido: Primeros secuestros (10 de junio a 7 de julio 1975).-Persecución a la Iglesia.- Secuestros y tortugas (1979-1981).- Masacres selectivas yterror.-Masacres al oriente.-Primera parte de la masacre de cuarto pueblo (14-16 de marzo de 198-Vivos y muertos.-Interrupción de las masacres los angeles y pueblo nuevo.-Masacre en cadena Xalbal (13 de marzo a 2 de abril).-Ofensivas circulares piedras blancas (18 a 30 de mayo de 1982).-Lugar de tormento (1982).-Caminos de Aurora población en resistencia y refugiados (junio a octubre de 1982).-Conclusiones | ||
| 650 | |a AMERINDIOS | ||
| 650 | |a GENOCIDIO | ||
| 650 | |a ANALISIS HISTORICO | ||
| 650 | |a EXPLOTACION DE RECURSOS | ||
| 650 | |a FUERZAS ARMADAS | ||
| 650 | |a RELIGION | ||
| 650 | |a TERRORISMO | ||
| 999 | |c 14666 |d 14666 | ||
